000 00256nam a22001097a 4500
999 _c260636
_d260635
020 _a03375822747
100 _aJeanne DuPrau
245 _aThe City of the first book of Ember
260 _aNew York
_bRandom House
_c2003
300 _a270 pgs
942 _cBK